| 000 | 00337nam a22001217a 4500 | ||
|---|---|---|---|
| 020 | _a8174090681 | ||
| 082 |
_222 _a620.1 |
||
| 100 | _aPrasad, I. B. | ||
| 245 |
_aA textbook of applied mechanics: _bDynamics and statics / |
||
| 260 |
_aNew Delhi, _bKhanna Publishers, _cc2003. |
||
| 300 |
_axv, 1276 p. ; _bill. ; _c21 cm. |
||
| 942 |
_2ddc _cMEC _04 |
||
| 999 |
_c306 _d306 |
||